01227nam a22002297a 450000500170000000800410001702000180005804000070007604100120008308200250009510000210012024500450014126000370018630000320022336500560025552005460031165000290085765000260088665000420091270000210095470000220097520250108094108.0250108b ||||| |||| 00| 0 eng d a9789356815339 cAL aEnglish 223a574.19202 bKUMG aPrabhanshu Kumar aGKP GATE 2025 Life Science: Biochemistry aHaryanabG.K Publications c2025 axix,568 p.bPBc27x20.5 cm. aCCX2-1707618b₹498.00c₹d₹695.00f17-12-2024 aThe GKP GATE 2025 Study Guide is a comprehensive manual designed to help engineering students aspiring to secure admission in premier institutes for PG programs & also to secure job opportunities in PSUs. Key Features Includes Solved papers from GATE exams held from 2018 to 2024. Contains 3 full-length mock tests for practice. Covers Biochemistry section featuring exercises with multiple-choice and numerical-type questions. Exercises included after each topic for better understanding. Designed to help aspirants achieve desired results. a Competitive Examination aBiochemistry Entrance aGraduate Aptitude Test in Engineering aKUMAR (Preeti T) aMAURYA (Pawan Kr)